000 00745pam a2200229 a 4500
001 1144351
005 20180314081946.0
008 950628s1996 njua b 000 0 eng
010 _a 95033975
020 _a0134358279
040 _aDLC
_cDLC
_dDLC
041 _aeng
080 _a658.302 ROB
082 0 0 _a658.302 ROB
_220
100 1 _a54
101 _aMEN
245 1 0 _aTraining in interpersonal skills :
_cStephen P. Robbins, Phillip L. Hunsaker.
504 _aIncludes bibliographical references (p. 297-305).
906 _a7
_bcbc
_corignew
_d1
_eocip
_f19
_gy-gencatlg
942 _2ddc
_cBK
999 _c45012
_d45012